00331nam a2200133Ia 45000030006000000080041000060400015000471000030000622450042000922500010001342600024001445460012001680050017001800STCL150530s9999 xx 000 0 und d aSTCLcSTCL aWoolf; Bell, A.O.; Editor aDiary of virginia Woolf vol-3 1925-30 aFirst bPenguin booksc1982 aEnglish20220125171136.0